• 首页
  • 本馆介绍
  • 公告通知
  • 最新文献
  • 馆藏检索
  • 电子资源
  • 读者导购
  • 参考咨询
  • 我的图书馆
  • 登录
  • 详细信息显示
  • 放入我的书架
  • 预约/预借图书
  • 作者相关作品
  • 分类相关作品
  • 丛书相关作品
  • 出版社相关作品

书目信息

  • 表格格式
  • 工作单格式
  • 卡片格式
题名:
中国文化产业年度发展报告
    
 
作者: 叶朗 主编
分册: 2009  
出版信息: 北京   金城出版社  2009
页数: 11,548页
开本: 24cm
丛书名:
单 册:
中图分类: G124
科图分类:
主题词: 文化--产业--研究报告--中国--2009 , 文化 , 产业
电子资源:
ISBN: 978-7-80251-216-0
000 00960nam0 2200265 450
001 519
005 20140909170813.00
010    @a978-7-80251-216-0@dCNY60.00
100    @a20091028d2009 em y0chiy50 ea
101 0  @achi
102    @aCN@b110000
105    @ay z 000yy
106    @ar
200 1  @a中国文化产业年度发展报告@AZhong Guo Wen Hua Chan Ye Nian Du Fa Zhan Bao Gao@h2009@f叶朗主编@FYe Lang Zhu Bian
210    @a北京@c金城出版社@d2009
215    @a11,548页@d24cm
304    @a英文共同题名:The annual development report of Chinese cultural industries
330    @a本报告介绍2008年度我国文化产业的发展现状,并以专题形式,对出版产业、报刊产业、网络传媒业、广播传媒业、电影产业、文化艺术等服务产品的发展状况进行介绍。
606 0  @a文化@x产业@x研究报告@y中国@z2009
606 0  @a文化
606 0  @a产业
690    @aG124@v5
701  0 @a叶朗@AYe Lang@f(1938.10~)@4主编
801  0 @aCN@bTANGWEI@c20140603
905    @b0838006-08@dG124@e134@f3
    
    中国文化产业年度发展报告.2009/叶朗主编.-北京:金城出版社,2009
    11,548页;24cm
    
    
    ISBN 978-7-80251-216-0:CNY60.00
    本报告介绍2008年度我国文化产业的发展现状,并以专题形式,对出版产业、报刊产业、网络传媒业、广播传媒业、电影产业、文化艺术等服务产品的发展状况进行介绍。
●
相关链接 在E读中查询图书 在五车中查询图书 在当当中查询图书 在豆瓣中查询图书


正题名:中国文化产业年度发展报告     索取号:G124/134         预约/预借

序号 登录号 条形码 馆藏地/架位号 状态 备注
1 0838006   208380063   第一样本阅览室/ [索取号:G124/134] 在馆    
2 0838007   208380072   第四借阅区/ [索取号:G124/134] 在馆    
3 0838008   208380081   第四借阅区/ [索取号:G124/134] 在馆    
唐山师范学院图书馆 欢迎您!
大连网信软件有限公司© 版权所有